[Event "GER-chT U20"]
[Site "Borken"]
[Date "2016.12.30"]
[Round "7.3"]
[White "Von Koslowski, Utz"]
[Black "Pilat, Fabian"]
[Result "1/2-1/2"]
[WhiteElo "1885"]
[BlackElo "1963"]
[PlyCount "49"]
[EventDate "2016.12.27"]
[EventType "team-swiss"]
[EventRounds "7"]
[EventCountry "GER"]
[SourceTitle "EXT 2018"]
[Source "ChessBase"]
[SourceDate "2017.10.13"]
[SourceVersion "1"]
[SourceVersionDate "2017.10.13"]
[SourceQuality "1"]
[WhiteTeam "Coswig"]
[BlackTeam "Bochum"]
[WhiteTeamCountry "GER"]
[BlackTeamCountry "GER"]

1. Nf3 Nf6 2. d4 d5 3. g3 e6 4. Bg2 Be7 5. 0-0 0-0 6. b3 b6 7. Bb2 Bb7 8. Nbd2 Ne4 9. Rc1 Nd7 10. c4 Ndf6 11. Nxe4 Nxe4 12. Nd2 f5 13. Nxe4 fxe4 14. e3 Ba6 15. Qc2 Bd6 16. Rfd1 Qf6 17. Bf1 Rf7 18. c5 Bxf1 19. Rxf1 Be7 20. cxb6 cxb6 21. Qe2 Raf8 22. Rc6 Qf5 23. Rc7 Bd6 24. Rxf7 Rxf7 25. Rc1 1/2-1/2

[Event "GER-chT U20"]
[Site "Borken"]
[Date "2016.12.28"]
[Round "4.3"]
[White "Elier, Ali"]
[Black "Von Koslowski, Utz"]
[Result "1/2-1/2"]
[WhiteElo "1900"]
[BlackElo "1885"]
[PlyCount "117"]
[EventDate "2016.12.27"]
[EventType "team-swiss"]
[EventRounds "7"]
[EventCountry "GER"]
[SourceTitle "EXT 2018"]
[Source "ChessBase"]
[SourceDate "2017.10.13"]
[SourceVersion "1"]
[SourceVersionDate "2017.10.13"]
[SourceQuality "1"]
[WhiteTeam "Brackel"]
[BlackTeam "Coswig"]
[WhiteTeamCountry "GER"]
[BlackTeamCountry "GER"]

1. e4 c5 2. d4 cxd4 3. c3 d3 4. Bxd3 Nc6 5. c4 d6 6. Nf3 Nf6 7. Nc3 e6 8. 0-0 Be7 9. a3 0-0 10. Qe2 b6 11. Rd1 e5 12. h3 Be6 13. Be3 Nd7 14. Rab1 Qc8 15. b4 Re8 16. Rd2 h6 17. Nd5 Bf8 18. Rc1 Qd8 19. Bb1 a5 20. Rb2 axb4 21. axb4 Ne7 22. Qd3 Bxd5 23. cxd5 Ng6 24. Rc6 Qf6 25. Bxb6 Nxb6 26. Rxb6 Nf4 27. Qe3 Rec8 28. Rc6 Rcb8 29. b5 Ra1 30. Kh2 Qg6 31. Nh4 Qh5 32. g3 g5 33. b6 Qd1 34. Rc1 Qa4 35. gxf4 exf4 36. Qf3 Ra3 37. Qg4 Qd4 38. Re2 Rxb6 39. Rc8 Qe5 40. Nf3 Rxf3 41. Qxf3 Rxb1 42. Ra2 Ra1 43. Rac2 Ra4 44. Re2 Rb4 45. Qc3 Qxc3 46. Rxc3 Bg7 47. Rc8+ Kh7 48. f3 Rb3 49. Kg2 Rb1 50. h4 Bd4 51. Rc6 Be5 52. hxg5 hxg5 53. Ra2 Rb7 54. Raa6 g4 55. Rc2 g3 56. Rac6 Kg6 57. Rc7 Rb8 58. Ra7 Rh8 59. Raa2 1/2-1/2

[Event "GER-chT U20"]
[Site "Osnabrueck"]
[Date "2015.12.29"]
[Round "5.5"]
[White "Hermann, Tobias"]
[Black "Von Koslowski, Utz"]
[Result "1/2-1/2"]
[WhiteElo "1836"]
[BlackElo "1884"]
[PlyCount "66"]
[EventDate "2015.12.27"]
[EventType "team-swiss"]
[EventRounds "7"]
[EventCountry "GER"]
[SourceTitle "EXT 2017"]
[Source "ChessBase"]
[SourceDate "2016.10.25"]
[SourceVersion "1"]
[SourceVersionDate "2016.10.25"]
[SourceQuality "1"]
[WhiteTeam "Eppingen"]
[BlackTeam "Coswig"]
[WhiteTeamCountry "GER"]
[BlackTeamCountry "GER"]

1. c4 e5 2. Nc3 Nf6 3. g3 d5 4. cxd5 Nxd5 5. Bg2 Nb6 6. Nf3 Nc6 7. d3 Be7 8. 0-0 0-0 9. a3 Be6 10. b4 f6 11. Bb2 a6 12. Rc1 Qd7 13. Re1 Rab8 14. Na4 Rfd8 15. Nxb6 cxb6 16. Qd2 b5 17. Qe3 Bd5 18. Nd2 Bxg2 19. Kxg2 Rbc8 20. Nf3 a5 21. bxa5 Nxa5 22. d4 Nc4 23. Qb3 exd4 24. Nxd4 Kh8 25. Red1 Nxb2 26. Qxb2 Rxc1 27. Qxc1 Qd5+ 28. Kg1 Qc4 29. e3 h6 30. Qb2 Bc5 31. Rc1 Bxd4 32. exd4 Qa4 33. Rc5 Qxd4 1/2-1/2

[Event "GER-chT U20"]
[Site "Naumburg Saale"]
[Date "2014.12.27"]
[Round "2.3"]
[White "Blumenthal, Clemens"]
[Black "Von Koslowski, Utz"]
[Result "0-1"]
[WhiteElo "1574"]
[BlackElo "1818"]
[PlyCount "104"]
[EventDate "2014.12.27"]
[EventType "team-swiss"]
[EventRounds "7"]
[EventCountry "GER"]
[SourceTitle "EXT 2016"]
[Source "ChessBase"]
[SourceDate "2015.10.08"]
[SourceVersion "1"]
[SourceVersionDate "2015.10.08"]
[SourceQuality "1"]
[WhiteTeam "Meuselwitz"]
[BlackTeam "Coswig TuS"]
[WhiteTeamCountry "GER"]
[BlackTeamCountry "GER"]

1. e4 c5 2. Nf3 e6 3. d4 cxd4 4. Nxd4 a6 5. Be2 Qc7 6. 0-0 Nf6 7. Qd3 Nc6 8. Nxc6 bxc6 9. Be3 Bb7 10. Nd2 d5 11. c4 Rd8 12. exd5 cxd5 13. Rac1 d4 14. Bg5 Be7 15. f4 0-0 16. Bf3 Rd7 17. Bxb7 Qxb7 18. Rc2 Rc8 19. Nf3 Rcd8 20. Ne5 Rc7 21. Re1 Qb6 22. Bh4 Qa5 23. Ra1 Qc5 24. Bf2 Nd5 25. Qxd4 Qxd4 26. Bxd4 Nb4 27. Bb6 Nxc2 28. Rc1 Bc5+ 29. Bxc5 Rxc5 30. Rxc2 f6 31. Nf3 a5 32. Kf2 Kf7 33. Ke3 h6 34. b3 g5 35. fxg5 hxg5 36. g4 Kg6 37. Nd4 Re5+ 38. Kd3 f5 39. gxf5+ exf5 40. c5 Red5 41. Rc4 Kf6 42. c6 Ke5 43. c7 Rc8 44. Kc3 Kd6 45. a4 f4 46. Nb5+ Kd7 47. Re4 f3 48. Re1 g4 49. Rf1 Rh8 50. Rf2 Re8 51. Nd4 Kxc7 52. Kc4 Rh5 0-1

[Event "GER-chT U20"]
[Site "Osnabrueck"]
[Date "2013.12.29"]
[Round "6.5"]
[White "Rothermel, Tim"]
[Black "Von Koslowski, Utz"]
[Result "0-1"]
[WhiteElo "1786"]
[BlackElo "1764"]
[PlyCount "54"]
[EventDate "2013.12.27"]
[EventType "team-swiss"]
[EventRounds "7"]
[EventCountry "GER"]
[SourceTitle "EXT 2015"]
[Source "ChessBase"]
[SourceDate "2014.11.20"]
[SourceVersion "1"]
[SourceVersionDate "2014.11.20"]
[SourceQuality "1"]
[WhiteTeam "Gernsheim"]
[BlackTeam "Coswig"]
[WhiteTeamCountry "GER"]
[BlackTeamCountry "GER"]

1. e4 d6 2. d4 Nf6 3. f3 g6 4. Be3 Bg7 5. Nc3 Nc6 6. Qd2 e6 7. 0-0-0 0-0 8. g4 e5 9. d5 Nd4 10. Bxd4 exd4 11. Nce2 Re8 12. g5 Nh5 13. h4 c5 14. dxc6 bxc6 15. Nxd4 Qb6 16. Nge2 Rb8 17. Nb3 Be6 18. Ned4 Bxb3 19. Nxb3 Be5 20. Kb1 a5 21. a4 Qb4 22. Qxb4 Rxb4 23. Nxa5 Rxb2+ 24. Kc1 Rb4 25. Nxc6 Bf4+ 26. Rd2 Rxa4 27. Kd1 Ra1+ 0-1

[Event "Sachsen-ch U12"]
[Site "Sebnitz"]
[Date "2011.04.28"]
[Round "4"]
[White "Vogel, Roven"]
[Black "Von Koslowski, Utz"]
[Result "1-0"]
[WhiteElo "1731"]
[BlackElo "1508"]
[PlyCount "93"]
[EventDate "2011.04.26"]
[EventType "swiss"]
[EventRounds "7"]
[EventCountry "GER"]
[SourceTitle "EXT 2012"]
[Source "ChessBase"]
[SourceDate "2011.11.24"]
[SourceVersion "1"]
[SourceVersionDate "2011.11.24"]
[SourceQuality "1"]

1. e4 c5 2. Nc3 d6 3. g3 g6 4. Bg2 Bg7 5. f4 Nf6 6. d3 0-0 7. Nf3 Nc6 8. 0-0 Bd7 9. h3 Rb8 10. g4 e6 11. Be3 a6 12. e5 dxe5 13. fxe5 Nd5 14. Nxd5 exd5 15. Bxc5 Re8 16. Bd6 Rc8 17. d4 Qb6 18. Rb1 Be6 19. c3 Na5 20. Bb4 Nc4 21. Qe2 Bd7 22. Qf2 Qd8 23. Nd2 Be6 24. Nxc4 Rxc4 25. h4 Qd7 26. Qf3 b6 27. h5 Rd8 28. hxg6 fxg6 29. g5 Rcc8 30. Qg3 Bf8 31. Bxf8 Rxf8 32. Rf6 Rxf6 33. gxf6 Rf8 34. Kh2 Qa4 35. a3 Qc2 36. Qe1 Bf5 37. Rd1 Qxb2 38. Qd2 Qb5 39. Bh3 Bxh3 40. Kxh3 Qd7+ 41. Kg3 Qc7 42. Rf1 Qc8 43. Rf3 Rf7 44. Qe2 b5 45. e6 Rc7 46. f7+ Kf8 47. Qe5 1-0